000 00636nam a2200253Ia 4500
003 OSt
005 20220912150720.0
006 a|||||r|||| 00| 0
007 ta
008 220909b |||||||| |||| 00| 0 eng d
024 _a30082
037 _cTextual
040 _aCSL
_beng
_cCSL
041 _aeng
082 _aB32, L9
100 _aWilson Robert L
245 0 _aMuch ado about calculus
260 _aNew York
_b Springer-Verlag
_c1979
300 _axii,788p.
_ccm.
500 _aAppendix 643-747p
650 _aCalculus
942 _hB32, L9
_cTEXL
_2CC
999 _c53116
_d53116